Avraham ṿe-Yitsḥaḳ. (Record no. 33221)

MARC details
000 -LEADER
fixed length control field 00667cam a22002291 4500
001 - CONTROL NUMBER
control field he 68001222
003 - CONTROL NUMBER IDENTIFIER
control field DLC
005 - DATE AND TIME OF LATEST TRANSACTION
control field 20260227111457.0
008 - FIXED-LENGTH DATA ELEMENTS--GENERAL INFORMATION
fixed length control field 830602s1966 is a j 000 0 heb
010 ## - LIBRARY OF CONGRESS CONTROL NUMBER
LC control number he 68001222
035 ## - SYSTEM CONTROL NUMBER
System control number (OCoLC)19145911
040 ## - CATALOGING SOURCE
Original cataloging agency DLC
Transcribing agency MH
Modifying agency CU
-- DLC
050 00 - LIBRARY OF CONGRESS CALL NUMBER
Classification number BS580.A3
Item number F76
100 1# - MAIN ENTRY--PERSONAL NAME
Personal name ʻEshet, Liʼor.
245 10 - TITLE STATEMENT
Title Avraham ṿe-Yitsḥaḳ.
260 ## - PUBLICATION, DISTRIBUTION, ETC.
Place of publication, distribution, etc. Tel Aviv :
Name of publisher, distributor, etc. E. Narḳis,
Date of publication, distribution, etc. [1966]
300 ## - PHYSICAL DESCRIPTION
Extent 94 p. :
Other physical details ill. ;
Dimensions 25 cm.
490 0# - SERIES STATEMENT
Series statement Gibore Yiśraʼel
600 00 - SUBJECT ADDED ENTRY--PERSONAL NAME
Personal name Abraham
Titles and other words associated with a name (Biblical patriarch)
Form subdivision Juvenile literature.
600 00 - SUBJECT ADDED ENTRY--PERSONAL NAME
Personal name Isaac
Titles and other words associated with a name (Biblical patriarch)
Form subdivision Juvenile literature.
752 ## - ADDED ENTRY--HIERARCHICAL PLACE NAME
Country or larger entity Israel
City Tel Aviv

No items available.

Powered by Koha